A history of the United States

Guardat en:
Dades bibliogràfiques
Autors principals: Nye, Russel B. (Autor), Morpurgo, J. E (Autor)
Format: Llibre
Idioma:anglès
Publicat: Harmondsworth Penguin Books 1955
Matèries:
Etiquetes: Afegir etiqueta
Sense etiquetes, Sigues el primer a etiquetar aquest registre!

MARC

LEADER 00000nam a2200000 a 4500
001 UCP8621
003 CL-VaPUC
008 000310e19550000uk |||||||||||||||||eng|d
082 0 4 |a 973  |b NYE  |2 21 
100 |a Nye, Russel B.  |e author  |9 438700 
700 0 |a Morpurgo, J. E  |e author  |9 438701 
245 1 2 |a A history of the United States 
300 |a 2 v 
942 |c BK 
945 |d 20000310 00:00:00  |a lriquelm 
260 |a Harmondsworth  |b Penguin Books  |c 1955 
500 |a v.1: The birth of the United States 
650 7 |a HISTORIA NORTEAMERICANA  |2 CL-VaPUC  |9 353788 
650 7 |a CULTURAS NORTEAMERICANAS  |2 CL-VaPUC  |9 353789 
650 0 |a Democracia  |9 255256 
651 0 |a Estados Unidos  |9 255178 
583 |a last modification  |c 20171204 02:18:38  |k Rodrigo Vera 
999 |c 285512  |d 285510 
952 |0 0  |1 0  |4 0  |6 973_000000000000000_NYE_1955  |7 0  |8 A  |9 330169  |a BIBHIS  |b BIBHIS  |d 2019-11-20  |h v.1  |i 1385054  |o 973 NYE 1955  |p 1385054  |r 2025-01-20  |w 2019-11-20  |y BK  |k HIS